000 01776nam0a2200325 4500
001 RU\NLR\bibl\1832744
005 20260407141251.0
010 _a978-5-8290-1031-7
_9300
021 _aRU
_b2011-82354
_95873
035 _a(NLR Aleph) 001823239
090 _a2035364
_c2035364
100 _a20111111d2010 |||y0rusy50 ca
101 0 _arus
_afre
102 _aRU
105 _aa |||||||||
200 1 _aФранцузский язык для студентов факультета математики и информатики
_eучебно-методическое пособие
_fЛенинградский гос. ун-т им. А. С. Пушкина
_g[сост. И. В. Ямщикова]
210 _aСанкт-Петербург
_cЛенинградский государственный университет
_d2010
215 _a111 с.
_cил.
_d20
606 1 _aФранцузский язык
_xУчебные издания для математиков
_92550910
_3RU\NLR\AUTH\661509470
606 1 _aФранцузский язык
_xУчебные издания для информационно-технологической отрасли
_92550914
_3RU\NLR\AUTH\661509471
686 1 _aШ147.11-93рус328.2
686 1 _aШ147.11-93рус328.71
702 1 _4220
_8rus
_7ca
_aЯмщикова
_bИ. В.
_cфилолог, французский язык
_3RU\NLR\AUTH\77102107
_985033
712 0 2 _4570
_aЛенинградский государственный областной университет им. А. С. Пушкина
_cПушкин, Санкт-Петербург
_3RU\NLR\AUTH\8810008984
_9515701
801 0 _aRU
_bNLR
_c20111111
_gRCR
801 1 _aRU
_bNLR
_c20111111
942 _cBOOK
980 _aNB